000 00529nam a2200193Ia 4500
001 3374
003 IN-NITTTR
005 20251114232947.0
008 251113s9999||||xx |||||||||||||| ||eng||
040 _beng
040 _cIN-NITTTR
041 _aeng
082 _a370.19348 G152 E
245 0 _aEducation and urban renaissance /
_cCampbell,Ronald F. ed, Marx, Lucy Ann, ed., Nystrand, Raphael O., ed.
700 _a Marx, Lucy Ann
700 _a Nystrand, Raphael O.
700 _aCampbell, Ronald F. ed
942 _2ddc
_cBK
999 _c5701
_d5701